MyGZULibrary

The essentials of project management / (Record no. 6402)

MARC details
000 -LEADER
fixed length control field 01018cam a2200313 i 4500
001 - CONTROL NUMBER
control field 18126519
003 - CONTROL NUMBER IDENTIFIER
control field GZU
005 - DATE AND TIME OF LATEST TRANSACTION
control field 20210422115935.0
008 - FIXED-LENGTH DATA ELEMENTS--GENERAL INFORMATION
fixed length control field 140424s2014 vtu b 001 0 eng
010 ## - LIBRARY OF CONGRESS CONTROL NUMBER
LC control number 2014011279
020 ## - INTERNATIONAL STANDARD BOOK NUMBER
International Standard Book Number 9781472442536 (pbk : alk. paper)
040 ## - CATALOGING SOURCE
Original cataloging agency DLC
Language of cataloging eng
Transcribing agency DLC
Description conventions rda
Modifying agency DLC
042 ## - AUTHENTICATION CODE
Authentication code pcc
050 00 - LIBRARY OF CONGRESS CALL NUMBER
Classification number T56.8
Item number .LOC 2014
082 00 - DEWEY DECIMAL CLASSIFICATION NUMBER
Classification number 658.4/04
Edition number 23
100 1# - MAIN ENTRY--PERSONAL NAME
Personal name Lock, Dennis.
245 14 - TITLE STATEMENT
Title The essentials of project management /
Statement of responsibility, etc. Dennis Lock.
250 ## - EDITION STATEMENT
Edition statement Fourth Edition.
264 #1 - PRODUCTION, PUBLICATION, DISTRIBUTION, MANUFACTURE, AND COPYRIGHT NOTICE
Place of production, publication, distribution, manufacture Burlington, VT, USA :
Name of producer, publisher, distributor, manufacturer Gower
Date of production, publication, distribution, manufacture, or copyright notice [2014]
300 ## - PHYSICAL DESCRIPTION
Extent xi, 213 pages ;
Dimensions 25 cm
336 ## - CONTENT TYPE
Content type term text
Content type code txt
Source rdacontent
337 ## - MEDIA TYPE
Media type term unmediated
Media type code n
Source rdamedia
338 ## - CARRIER TYPE
Carrier type term volume
Carrier type code nc
Source rdacarrier
504 ## - BIBLIOGRAPHY, ETC. NOTE
Bibliography, etc. note Includes bibliographical references and index.
650 #0 - SUBJECT ADDED ENTRY--TOPICAL TERM
Topical term or geographic name entry element Project management.
906 ## - LOCAL DATA ELEMENT F, LDF (RLIN)
a 7
b cbc
c orignew
d 1
e ecip
f 20
g y-gencatlg
942 ## - ADDED ENTRY ELEMENTS (KOHA)
Source of classification or shelving scheme Library of Congress Classification
Koha item type Books
Edition 4th ed.
Classification part 568
Item part LOC
Call number prefix T
Holdings
Withdrawn status Lost status Damaged status Not for loan Collection code Home library Current library Shelving location Date acquired Total Checkouts Full call number Barcode Date last seen Copy number Price effective from Koha item type
        Non-fiction City Campus Library City Campus Library General Stacks 04/22/2021   T56.8LOC2014 031356 04/22/2021 c.1 04/22/2021 Books
        Non-fiction City Campus Library City Campus Library General Stacks 04/22/2021   T56.8LOC2014 031357 04/22/2021 c.2 04/22/2021 Books
        Non-fiction City Campus Library City Campus Library General Stacks 04/22/2021   T56.8LOC2014 031358 04/22/2021 c.3 04/22/2021 Books